Silks / (Record no. 219476)

000 -LEADER
fixed length control field 01446cam a2200313 a 4500
001 - CONTROL NUMBER
control field 15325646
003 - CONTROL NUMBER IDENTIFIER
control field Nust
005 - DATE AND TIME OF LATEST TRANSACTION
control field 20170210090639.0
008 - FIXED-LENGTH DATA ELEMENTS--GENERAL INFORMATION
fixed length control field 080611s2008 nyu 000 1 eng
010 ## - LIBRARY OF CONGRESS CONTROL NUMBER
LC control number 2008026141
020 ## - INTERNATIONAL STANDARD BOOK NUMBER
International Standard Book Number 9780330464512
035 ## - SYSTEM CONTROL NUMBER
System control number (OCoLC)221154168
040 ## - CATALOGING SOURCE
Original cataloging agency DLC
Transcribing agency DLC
Modifying agency IG#
-- BTCTA
-- BAKER
-- OCO
-- UPZ
-- P@N
-- YDXCP
-- ABG
-- CDX
-- BWX
-- IXA
-- DLC
043 ## - GEOGRAPHIC AREA CODE
Geographic area code e-uk-en
050 00 - LIBRARY OF CONGRESS CALL NUMBER
Classification number PR6056.R27
Item number S57 2008
082 00 - DEWEY DECIMAL CLASSIFICATION NUMBER
Classification number 823.914
Author Mark FRA
100 1# - MAIN ENTRY--PERSONAL NAME
Personal name Francis, Dick.
245 10 - TITLE STATEMENT
Title Silks /
Statement of responsibility, etc. Dick Francis and Felix Francis.
260 ## - PUBLICATION, DISTRIBUTION, ETC.
Place of publication, distribution, etc. New York :
Name of publisher, distributor, etc. G.P. Putnam's Sons,
Date of publication, distribution, etc. 2008.
300 ## - PHYSICAL DESCRIPTION
Extent 423 p. ;
Dimensions 24 cm.
520 ## - SUMMARY, ETC.
Summary, etc. Geoffrey Mason is well known (as "Perry" Mason) among the pro riders, including Steve Mitchell and Scot Barlow--arguably the two top pros. So when Scot Barlow is murdered--with Mitchell's pitchfork nonetheless--Geoff finds himself pulled into the case as a junior barrister.
650 #0 - SUBJECT ADDED ENTRY--TOPICAL TERM
Topical term or geographic name entry element Steeplechasing
Geographic subdivision England
Form subdivision Fiction.
650 #0 - SUBJECT ADDED ENTRY--TOPICAL TERM
Topical term or geographic name entry element Jockeys
General subdivision Crimes against
Form subdivision Fiction.
655 #7 - INDEX TERM--GENRE/FORM
Genre/form data or focus term Mystery fiction.
Source of term gsafd
655 #7 - INDEX TERM--GENRE/FORM
Genre/form data or focus term Legal stories.
Source of term gsafd
700 1# - ADDED ENTRY--PERSONAL NAME
Personal name Francis, Felix.
906 ## - LOCAL DATA ELEMENT F, LDF (RLIN)
a 7
b cbc
c orignew
d 1
e ecip
f 20
g y-gencatlg
942 ## - ADDED ENTRY ELEMENTS (KOHA)
Source of classification or shelving scheme
Koha item type Book
Holdings
Withdrawn status Lost status Source of classification or shelving scheme Damaged status Not for loan Permanent Location Current Location Shelving location Date acquired Full call number Barcode Date last seen Copy number Price effective from Koha item type
          Central Library (CL) Central Library (CL) Fiction 02/10/2017 823. FRA CL342 02/10/2017 1 02/10/2017 Book
© 2023 Central Library, National University of Sciences and Technology. All Rights Reserved.